Maiores participantes do Campeonato Brasileiro - Série A - Statistics

Estatísticas Gerais
  • Esse quiz foi jogado 182 vezes
  • A pontuação média é 41 de 50
Estatísticas das Respostas
# Participações Estado Resposta % Correto
11 GO Atlético-GO
100%
57 MG Atlético-MG
100%
55 RJ Flamengo
100%
54 RJ Fluminense
100%
57 SP Palmeiras
100%
48 BA Bahia
99%
56 RJ Botafogo
99%
59 MG Cruzeiro
99%
61 RS Grêmio
99%
60 SP Santos
99%
53 SP São Paulo
99%
24 CE Ceará
98%
52 SP Corinthians
98%
22 CE Fortaleza
98%
54 RS Internacional
98%
40 PR Coritiba
97%
41 PE Sport
97%
53 RJ Vasco
97%
39 BA Vitória
97%
44 PR Athletico-PR
96%
41 GO Goiás
95%
16 MG América-MG
93%
19 RJ America-RJ
93%
15 RN América-RN
93%
24 SP Ponte Preta
93%
29 SP Guarani
90%
19 AL CSA
86%
34 PE Náutico
85%
10 SC Avaí
84%
16 PR Paraná
83%
27 PA Paysandu
82%
24 PE Santa Cruz
82%
16 RS Juventude
80%
35 SP Portuguesa
80%
11 AL CRB
79%
17 SC Figueirense
79%
16 PA Remo
79%
13 SC Criciúma
78%
11 RJ Bangu
70%
14 RN ABC
66%
10 SP Bragantino
66%
12 SC Joinville
66%
12 MA Sampaio Corrêa
62%
10 MS Operário-MS
51%
16 AM Nacional-AM
44%
12 SE Sergipe
43%
11 MA Moto Club
42%
15 ES Desportiva Ferroviária
39%
11 PB Campinense
38%
12 ES Rio Branco
27%
Nenhum quiz correspondente encontrado
Distribuição das Pontuações
Porcentagem de Pessoas com Cada Pontuação
Percentil de Números Respondidos
Sua Pontuação Histórica
Você não jogou esse quiz